Statistiche per Paesi più vicini ad Antigua e Barbuda - Sprint di un minuto

Clicka qui per fare il quiz!

Statistiche generali

  • Questo quiz è stato fatto 3 volte
  • Il punteggio medio è 15 su 20

Statistiche sulle risposte

kmpaese% Corretto
1230Bahamas
100%
467Barbados
100%
1134Colombia
100%
154Dominica
100%
1414Giamaica
100%
966Guyana
100%
944Haiti
100%
68Saint Kitts e Nevis
100%
409Saint Vincent
e Grenadine
100%
333Santa Lucia
100%
1338Suriname
100%
696Venezuela
100%
1318Brasile
67%
1317Cuba
67%
500Grenada
67%
688Repubblica
Dominicana
67%
642Trinidad e Tobago
67%
998Aruba
0%
923Curaçao
0%
126Sint Maarten
0%

Distribuzione punteggi

Percentile per numero di risposta

Percentuale di utenti per punteggio

I tuoi punteggi nel tempo

Non hai fatto questo quiz